00413nam a22001457a 4500020001800000082001400018100001800032245003500050260003600085300000800121650001500129942000700144952009900151999001700250 a9789383206292 a211.6 PUN aPuniyani, Ram aStriving For Peace and Harmony aMumbaibBhashya Prakashanc2014 a236 aSecularism cBK 00104070aHMIbHMIcGENd2019-08-06g350.00l0o211.6 PUNp24853r2019-08-06w2019-08-06yBK c22709d22709